| 000 | 00831cac a22002535a 4500 | ||
|---|---|---|---|
| 005 | 20170926132527.0 | ||
| 008 | 170926s1969 xxc fr 000 0 eng d | ||
| 040 |
_aEG-ScBUE _beng _cEG-ScBUE _dEG-ScBUE |
||
| 041 | 1 |
_aeng _hara |
|
| 082 | 0 | 4 |
_a297.122521 _222 _bKOR |
| 130 | 0 |
_aQurʼan. _lEnglish. |
|
| 245 | 1 | 4 |
_aThe Koran interpreted / _ctranslation by Arthur J. Arberry. |
| 246 | 3 | 4 | _aKoran |
| 260 |
_aToronto : _bMacmillan Company, _c1969. |
||
| 300 |
_a2 v. ; _c23 cm. |
||
| 500 | _aIndex : p. 355-358. | ||
| 505 | 0 | _av. 1. Suras I-XX.--v. 2. Suras XXI-CXIV. | |
| 541 | _aDonations by Dr. Mostafa Gouda. | ||
| 546 | _aText in English ; Translation from Arabic. | ||
| 630 | 7 |
_2BUEsh _aQurʼan |
|
| 653 |
_bGGEN _cSeptember2017 |
||
| 700 | 1 |
_aArberry, A. J. _q(Arthur John), _d1905-1969, _etranslator. |
|
| 942 |
_cBB _k297 _2ddc |
||
| 999 |
_c1840 _d1840 |
||